00350nam a2200121Ia 4500003000400000005001700004008004100021040001800062041000800080100004500088245005600133260003900189OSt20260123162509.0211028s2017 xx 000 0 und d cAIMIT LIBRARY aeng aAli, Arshaq Ahmed; Dias, Beena.g1516015 aStudy on employee engagement at hotel horizon Goa / aMangalorebDr Rowena Wright.c2017